Central Library and Information Centre
Sibsagar Girls' College, Sivasagar : Assam

SNATAK MAHALAR BAHUMUKHI PATHYAKRAM ( (For 4th Semester) (Record no. 20237)

MARC details
000 -LEADER
fixed length control field 00634cam a2200217ua 4500
008 - FIXED-LENGTH DATA ELEMENTS--GENERAL INFORMATION
fixed length control field 150929n II |||gr||||Z||||||asm
040 ## - CATALOGING SOURCE
Original cataloging agency MAIN
041 ## - LANGUAGE CODE
-- English
082 ## - DEWEY DECIMAL CLASSIFICATION NUMBER
Classification number 028.7 BHA
100 ## - MAIN ENTRY--PERSONAL NAME
Personal name BHARALI,RANJU KR. & SAIKIA, TARUN.
245 ## - TITLE STATEMENT
Title SNATAK MAHALAR BAHUMUKHI PATHYAKRAM ( (For 4th Semester)
250 ## - EDITION STATEMENT
Edition statement 2ND.
260 ## - PUBLICATION, DISTRIBUTION, ETC.
Place of publication, distribution, etc. JORHAT:
Name of publisher, distributor, etc. BIDYA BHAWAN.,
Date of publication, distribution, etc. 2014.
300 ## - PHYSICAL DESCRIPTION
Extent 464:
Dimensions 20CM.
700 ## - ADDED ENTRY--PERSONAL NAME
Personal name SAIKIA, RUNU BORAH & KATONI, PADMESHWAR.
700 ## - ADDED ENTRY--PERSONAL NAME
Personal name CHIRING, AMAL JYOTI & HAZARIKA, HEMANTA KR.
700 ## - ADDED ENTRY--PERSONAL NAME
Personal name NATH, BRIGU MONI & BORAH, SIMANTA.
942 ## - ADDED ENTRY ELEMENTS (KOHA)
Koha item type Books
653 ## - INDEX TERM--UNCONTROLLED
Uncontrolled term Reference Books
Holdings
Withdrawn status Lost status Damaged status Not for loan Collection code Home library Current library Shelving location Date acquired Full call number Barcode Date last seen Copy number Price effective from Koha item type
        TBEDU Central Library and Information Centre Sibsagar Girls College Central Library and Information Centre Sibsagar Girls College Education Reck 22.08.2014 028.7 BHA 30975 27.02.2020 1 27.02.2020 Books
        TBEDU Central Library and Information Centre Sibsagar Girls College Central Library and Information Centre Sibsagar Girls College Education Reck 22.08.2014 028.7 BHA 30976 27.02.2020 2 27.02.2020 Books
        TBEDU Central Library and Information Centre Sibsagar Girls College Central Library and Information Centre Sibsagar Girls College Education Reck 22.08.2014 028.7 BHA 30977 27.02.2020 3 27.02.2020 Books


Sibsagar Girl's College © 2020. All rights reserved.
Powered by Koha.
Maintained by Abhijit Borpuzari.